000 00668cam a2200205 a 4500
001 000013201
003 OSt
005 20200929163150.0
008 851205s1983 ve a b 001 0 spa
040 _aDO-SdBNP
_bspa
_cBNPHU
082 _a333.792
_bS447a
100 1 _aSedek León, José,
_d1944-
_930281
245 1 3 _aLa agricultura como problema energético :
_belementos para el análisis de una nueva agricultura /
_cJosé Sedek León.
260 _a[Caracas], (Venezuela) :
_bMetrópolis,
_c1983.
300 _a136 p. :
_bil. ;
_c22 cm.
504 _aBibliografía: p. 129-134.
650 4 _aAgricultura y energía
_930282
942 _2ddc
_cLF1
956 _aLOPEREZ
999 _c12840
_d12840